Missing Word: Christmas Books Quiz Stats

 Plays Quiz Updated Dec 6, 2017

Challenge
Share
Tweet
Embed
Score 0/20 Timer 03:00
0 Plays Today
Book Missing Word % Correct
How the ____ Stole ChristmasGrinch
96.8%
Yes, Virginia, There Is a ____ ClausSanta
94.9%
The ____ Before ChristmasNight
94.7%
A Christmas ____Carol
92.2%
The Lion, the ____ and the WardrobeWitch
91.9%
____ WomenLittle
91.3%
The ____ ExpressPolar
91%
It's a ____ LifeWonderful
90.1%
____ SolsticeWinter
84.3%
All Is Calm/All Is ____Bright
83.6%
Book Missing Word % Correct
The Gift of the ____Magi
78.1%
Skipping ____Christmas
70.5%
The Snow ____Queen
48%
The Little ____ GirlMatch
47.3%
Letters from ____ ChristmasFather
46.4%
The Christmas ____ of Jonathan ToomeyMiracle
20.9%
The ____ on the HearthCricket
19.5%
The ____ Of GloucesterTailor
14.2%
A Christmas ____Memory
8.1%
The ____ AngelStupidest
4.3%

Today's Daily Dose

Missing Word
'F' Pairs

Word Ladder
Mixed Synonyms

On This Day
August 15th II

You're not logged in!

Compare scores with friends on all Sporcle quizzes.
Join for Free
OR
Log In

You Might Also Like...

Show Comments

Extras

Top Quizzes Today


Score Distribution

Your Account Isn't Verified!

In order to create a playlist on Sporcle, you need to verify the email address you used during registration. Go to your Sporcle Settings to finish the process.

Report this User

Report this user for behavior that violates our Community Guidelines.

Details: